000 00498nam a22001697a 4500
005 20140310183645.0
008 140108b xxu||||| |||| 00| 0 eng d
020 _a9780397515684
050 _aQR 62
_b.St775 2001
100 _aStrohl, William A.
245 _aMicrobiology /
_cWilliam A. Strohl.
260 _aUSA :
_bLippincott's William & Wilkins,
_c2001.
300 _a516 p. :
_bill. ;
_c28 cm.
650 _aMicrobiology
_xoutlines, syllabi, etc.
942 _2lcc
_cBK
_kFOR
999 _c25922
_d25922